Reiseziele in Donald Duck Geschichten - Karten Quiz - Statistiken

Allgemein
  • Dieses Quiz wurde 73 mal gespielt
  • Das Durchschnittsergebnis liegt bei 6 aus 15
Antworten auf der Karte
Die Antworten werden auf der Karte rot bzw. grün angezeigt, abhängig davon wie oft sie richtig erraten wurden.
 
Antwortstatistiken
Antwort % Korrekt
Cup am Kap
69%
In den Fängen der Mumie
65%
Der Dieb von Bagdad
61%
Das Geheimnis von Tai-San
51%
Der Tiger von Masalia
49%
Ritter Donald de Donaldac
39%
Das große Wagenrennen
37%
Das Orakel-Debakel
37%
Glücksjäger
31%
Die Ducks… vom Winde verweht
27%
Der Held der Arena
25%
Der Hinterhalt in der Sierra
24%
Die geheimnisvolle Maske
22%
Die Rückkehr des Irriwadschi
14%
Tarzonald: Die Jagd nach dem Phönix
10%
Keine übereinstimmenden Quizze gefunden
Verteilung der Resultate
Anzahl Personen mit jedem Resultat
Perzentil nach korrekt beantworteten Fragen
Ihre Resultats-Entwicklung
Sie haben dieses Quiz noch nicht gespielt